Margaret Mead : a voice for the century /

Bibliographic Details
Main Author: Cassidy, Robert, 1946-
Format: Book
Language:English
Published: New York : Universe Books, 1982.
Subjects:

MARC

Tag First Indicator Second Indicator Subfields
LEADER 00000pam a2200000 a 4500
001 in00000091799
005 20150923131838.0
008 811106s1982 nyu b 00110beng
010 |a  81043435  
020 |a 0876633769 :  |c $12.50 
035 |a (OCoLC)07975590 
035 |9 AAK7134AM 
039 0 |a 2  |b 3  |c 3  |d 3  |e 3 
040 |a DLC  |c DLC  |d TXA  |d UtOrBLW 
043 |a n-us--- 
049 |a TXAM  |c [1633263] 
050 0 0 |a GN21.M36  |b  C37 1982 
082 0 |a 301/.092/4  |a B  |2 19 
100 1 |a Cassidy, Robert,  |d 1946- 
245 1 0 |a Margaret Mead :  |b a voice for the century /  |c Robert Cassidy. 
264 1 |a New York :  |b Universe Books,  |c 1982. 
300 |a 176 pages ;  |c 22 cm. 
336 |a text  |b txt  |2 rdacontent 
337 |a unmediated  |b n  |2 rdamedia 
338 |a volume  |b nc  |2 rdacarrier 
500 |a Includes and index. 
504 |a "Books by Margaret Mead": pages [164]-167. 
600 1 0 |a Mead, Margaret,  |d 1901-1978. 
650 0 |a Anthropologists  |z United States  |v Biography. 
999 |a MARS 
999 f f |s 558cac4a-f17d-3694-a6c4-633d9d4f52ee  |i 96edb66b-ae69-3d4d-8959-5f5d68fcb212  |t 0 
952 f f |p ric  |a Texas A&M University  |b Rellis Campus  |c Joint Library Facility  |d Remote Storage  |t 0  |e GN21 M36 C37 1982  |h Library of Congress classification  |i unmediated -- volume  |m A14806004601 
998 f f |a GN21 M36 C37 1982  |t 0  |l Remote Storage